Länder, die reicher sind als Nordkorea - Sudden Death - Statistiken

Allgemein
  • Dieses Quiz wurde 69 mal gespielt
  • Das Durchschnittsergebnis liegt bei 3 aus 13
Answers on the Grid
Answers color-coded by a green-red scale on the quiz's grid according to % correct below.
Albanien🇦🇱
Slowenien🇸🇮
Bosnien🇧🇦
Guinea🇬🇳
Sudan🇸🇩
Oman🇴🇲
Zypern🇨🇾
Malta🇲🇹
D.R.Kongo🇨🇩
Papua-Neuguinea🇵🇬
Paraguay🇵🇾
El Salvador🇸🇻
Uganda🇺🇬
Kosovo🇽🇰
Suriname🇸🇷
Monaco🇲🇨
Guyana🇬🇾
Jemen🇾🇪
Nordmazedonien🇲🇰
Südsudan🇸🇸
Syrien🇸🇾
Malediven🇲🇻
Malawi🇲🇼
Somalia🇸🇴
Moldau🇲🇩
Jamaika🇯🇲
 
Antwortstatistiken
Antwort % Korrekt
Albanien🇦🇱
36%
Slowenien🇸🇮
36%
Oman🇴🇲
32%
D.R.Kongo🇨🇩
28%
Malta🇲🇹
28%
Bosnien🇧🇦
24%
Zypern🇨🇾
20%
Sudan🇸🇩
12%
Uganda🇺🇬
12%
El Salvador🇸🇻
8%
Guinea🇬🇳
8%
Papua-Neuguinea🇵🇬
8%
Paraguay🇵🇾
8%
Keine übereinstimmenden Quizze gefunden
Verteilung der Resultate
Anzahl Personen mit jedem Resultat
Perzentil nach korrekt beantworteten Fragen
Ihre Resultats-Entwicklung
Sie haben dieses Quiz noch nicht gespielt